000 00439nam a22001577a 4500
999 _c167093
_d167093
082 _a
_b
100 _aNair K N
100 _aAntony Paul and
100 _aVineetha Menon
245 _aWater insecurity institution livelihood dynamics:
_ba study in Plachimada Kerala, India/
_cby Nair K N , Antony Paul and Vineetha Menon.
260 _a
_bDaanish
_c2008.
300 _a130p.
_e2008.
490 _a
650 _a
942 _cBK